[Event "European Chess Club Cup 2023"]
[Site "Durres, Albania"]
[Date "2023.10.02"]
[Round "2.62"]
[White "Kobo, Ori"]
[Black "Pallardo Lozoya, Jose Vicente"]
[Result "1-0"]
[TimeControl "90' + 30' & 30\""]
[WhiteElo "2551"]
[BlackElo "2371"]

1. Nf3 {[%clk 01:30:46]} {[%emt 00:00:12]} d5 {[%clk 01:30:46]} {[%emt
00:00:15]} 2. g3 {[%clk 01:31:01]} {[%emt 00:00:15]} Nf6 {[%clk 01:30:12]}
{[%emt 00:01:05]} 3. Bg2 {[%clk 01:31:02]} {[%emt 00:00:28]} c6 {[%clk
01:27:39]} {[%emt 00:03:04]} 4. O-O {[%clk 01:30:34]} {[%emt 00:00:54]} Bg4
{[%clk 01:24:30]} {[%emt 00:03:43]} 5. d3 {[%clk 01:29:51]} {[%emt 00:01:12]}
Nbd7 {[%clk 01:23:00]} {[%emt 00:02:01]} 6. h3 {[%clk 01:29:54]} {[%emt
00:00:27]} Bh5 {[%clk 01:21:46]} {[%emt 00:01:44]} 7. Qe1 {[%clk 01:30:06]}
{[%emt 00:00:16]} e6 {[%clk 01:18:34]} {[%emt 00:03:44]} 8. e4 {[%clk
01:27:16]} {[%emt 00:03:18]} a5 {[%clk 01:03:38]} {[%emt 00:15:27]} 9. Nh4
{[%clk 01:18:15]} {[%emt 00:09:30]} dxe4 {[%clk 00:49:04]} {[%emt 00:15:06]} 10.
dxe4 {[%clk 01:18:13]} {[%emt 00:00:30]} Bc5 {[%clk 00:49:26]} {[%emt
00:00:08]} 11. Kh1 {[%clk 01:17:09]} {[%emt 00:01:34]} e5 {[%clk 00:42:37]}
{[%emt 00:07:19]} 12. f4 {[%clk 01:07:57]} {[%emt 00:09:39]} exf4 {[%clk
00:37:38]} {[%emt 00:05:32]} 13. gxf4 {[%clk 01:08:02]} {[%emt 00:00:23]} O-O
{[%clk 00:37:34]} {[%emt 00:00:36]} 14. Nc3 {[%clk 01:06:49]} {[%emt 00:01:42]}
Re8 {[%clk 00:31:42]} {[%emt 00:06:23]} 15. e5 {[%clk 01:03:44]} {[%emt
00:03:34]} Bg6 {[%clk 00:32:08]} {[%emt 00:00:05]} 16. Nxg6 {[%clk 01:02:47]}
{[%emt 00:01:27]} hxg6 {[%clk 00:32:28]} {[%emt 00:00:11]} 17. Bf3 {[%clk
00:56:46]} {[%emt 00:06:30]} g5 {[%clk 00:23:52]} {[%emt 00:09:08]} 18. Qg3
{[%clk 00:51:58]} {[%emt 00:05:17]} Nh7 {[%clk 00:21:46]} {[%emt 00:02:36]} 19.
Ne4 {[%clk 00:51:15]} {[%emt 00:01:11]} Qe7 {[%clk 00:20:17]} {[%emt 00:02:00]}
20. fxg5 {[%clk 00:44:36]} {[%emt 00:07:09]} Nxe5 {[%clk 00:19:59]} {[%emt
00:00:48]} 21. Bg2 {[%clk 00:44:25]} {[%emt 00:00:40]} Ng6 {[%clk 00:15:17]}
{[%emt 00:05:15]} 22. Bd2 {[%clk 00:39:32]} {[%emt 00:05:22]} Bd4 {[%clk
00:13:18]} {[%emt 00:02:29]} 23. Rae1 {[%clk 00:37:56]} {[%emt 00:02:05]} Be5
{[%clk 00:12:46]} {[%emt 00:01:03]} 24. Qf2 {[%clk 00:35:17]} {[%emt 00:03:07]}
Qd7 {[%clk 00:10:38]} {[%emt 00:02:39]} 25. Be3 {[%clk 00:29:17]} {[%emt
00:06:29]} f6 {[%clk 00:06:32]} {[%emt 00:04:38]} 26. Rd1 {[%clk 00:24:05]}
{[%emt 00:05:42]} Qc7 {[%clk 00:06:09]} {[%emt 00:00:53]} 27. Qe2 {[%clk
00:19:23]} {[%emt 00:05:11]} Nh4 {[%clk 00:05:06]} {[%emt 00:01:34]} 28. gxf6
{[%clk 00:12:13]} {[%emt 00:07:39]} Nxf6 {[%clk 00:05:22]} {[%emt 00:00:15]} 29.
Rxf6 {[%clk 00:11:49]} {[%emt 00:00:54]} Bxf6 {[%clk 00:05:06]} {[%emt
00:00:46]} 30. Nxf6+ {[%clk 00:12:03]} {[%emt 00:00:15]} gxf6 {[%clk 00:05:21]}
{[%emt 00:00:15]} 31. Qc4+ {[%clk 00:10:40]} {[%emt 00:01:52]} Kg7 {[%emt
00:04:01]} 32. Qg4+ {[%clk 00:10:05]} Ng6 {[%clk 00:02:50]} {[%emt 00:00:36]}
33. Rd7+ {[%clk 00:10:21]} {[%emt 00:00:13]} Qxd7 {[%clk 00:03:16]} {[%emt
00:00:05]} 34. Qxd7+ {[%clk 00:10:45]} {[%emt 00:00:06]} Re7 {[%clk 00:03:43]}
{[%emt 00:00:03]} 35. Qd3 {[%clk 00:09:07]} {[%emt 00:02:07]} Rae8 {[%clk
00:04:07]} {[%emt 00:00:07]} 36. Bc5 {[%emt 00:02:34]} Re1+ {[%clk 00:03:52]}
37. Kh2 {[%clk 00:07:30]} {[%emt 00:00:47]} R1e2 {[%clk 00:03:53]} {[%emt
00:00:29]} 38. Qd7+ {[%clk 00:03:24]} {[%emt 00:04:36]} Kh6 {[%clk 00:03:46]}
{[%emt 00:00:38]} 39. Bd6 {[%clk 00:02:38]} {[%emt 00:01:15]} R8e4 {[%clk
00:01:28]} {[%emt 00:02:48]} 40. Qd8 {[%clk 00:00:36]} {[%emt 00:02:33]} Rxc2
{[%clk 00:00:35]} {[%emt 00:01:23]} 41. Qxf6 {[%clk 00:28:30]} {[%emt
00:02:35]} Kh7 {[%clk 00:23:30]} {[%emt 00:07:35]} 42. Qf7+ {[%clk 00:26:28]}
{[%emt 00:02:31]} Kh6 {[%clk 00:22:20]} {[%emt 00:01:41]} 43. Kg3 {[%clk
00:23:04]} {[%emt 00:03:53]} Rd4 {[%clk 00:20:14]} {[%emt 00:02:37]} 44. Bf8+
{[%clk 00:23:12]} {[%emt 00:00:21]} Kg5 {[%clk 00:20:28]} {[%emt 00:00:16]} 45.
h4+ {[%clk 00:23:31]} {[%emt 00:00:12]} Nxh4 {[%clk 00:19:35]} {[%emt
00:01:24]} 46. Be7+ {[%clk 00:23:35]} {[%emt 00:00:25]} Kh6 {[%clk 00:19:58]}
{[%emt 00:00:07]} 47. Bxh4 {[%clk 00:20:47]} {[%emt 00:03:18]} Rxg2+ {[%clk
00:19:58]} {[%emt 00:00:30]} 48. Kxg2 {[%clk 00:21:11]} {[%emt 00:00:05]} Rxh4
{[%clk 00:20:25]} {[%emt 00:00:04]} 49. Qxb7 {[%clk 00:21:01]} {[%emt
00:00:40]} Rc4 {[%clk 00:20:25]} {[%emt 00:00:30]} 50. Qb3 {[%clk 00:21:16]}
{[%emt 00:00:14]} Rb4 {[%clk 00:20:04]} {[%emt 00:00:51]} 51. Qe6+ {[%clk
00:20:54]} {[%emt 00:00:52]} Kg5 {[%clk 00:19:42]} {[%emt 00:00:54]} 52. Qe5+
{[%clk 00:20:49]} {[%emt 00:00:33]} Kg4 {[%clk 00:19:43]} {[%emt 00:00:30]} 53.
b3 {[%clk 00:20:40]} {[%emt 00:00:39]} a4 {[%clk 00:19:43]} {[%emt 00:00:30]}
54. Qe6+ {[%clk 00:20:13]} {[%emt 00:00:57]} Kh5 {[%clk 00:19:53]} {[%emt
00:00:21]} 55. Qf7+ {[%clk 00:19:06]} {[%emt 00:01:37]} Kg4 {[%clk 00:18:56]}
{[%emt 00:01:28]} 56. Qg6+ {[%clk 00:19:23]} {[%emt 00:00:12]} Kh4 {[%clk
00:19:12]} {[%emt 00:00:14]} 57. Qg3+ {[%clk 00:19:12]} {[%emt 00:00:41]} Kh5
{[%clk 00:19:40]} {[%emt 00:00:03]} 58. Qe5+ {[%clk 00:19:10]} {[%emt
00:00:31]} Kg4 {[%clk 00:19:55]} {[%emt 00:00:15]} 59. Qe2+ {[%clk 00:19:23]}
{[%emt 00:00:16]} Kf5 {[%clk 00:19:55]} {[%emt 00:00:31]} 60. Qc2+ {[%clk
00:19:35]} {[%emt 00:00:18]} Kg4 {[%clk 00:20:02]} {[%emt 00:00:23]} 61. bxa4
{[%clk 00:19:37]} {[%emt 00:00:28]} c5 {[%clk 00:19:04]} {[%emt 00:01:28]} 62.
a5 {[%clk 00:19:27]} {[%emt 00:00:41]} 1-0

[Event "European Chess Club Cup 2023"]
[Site "Durres, Albania"]
[Date "2023.10.02"]
[Round "2.63"]
[White "Llobell Cortell, Enrique"]
[Black "Steinberg, Nitzan"]
[Result "0-1"]
[TimeControl "90' + 30' & 30\""]
[WhiteElo "2367"]
[BlackElo "2543"]

1. e4 {[%clk 01:30:48]} {[%emt 00:00:10]} c5 {[%clk 01:30:42]} {[%emt
00:00:19]} 2. Nf3 {[%clk 01:28:39]} {[%emt 00:02:38]} d6 {[%clk 01:30:47]}
{[%emt 00:00:25]} 3. c3 {[%clk 01:26:23]} {[%emt 00:02:47]} Nf6 {[%clk
01:31:07]} {[%emt 00:00:10]} 4. Be2 {[%clk 01:25:36]} {[%emt 00:01:16]} g6
{[%clk 01:30:11]} {[%emt 00:01:27]} 5. O-O {[%clk 01:25:04]} {[%emt 00:01:02]}
Bg7 {[%clk 01:30:32]} {[%emt 00:00:09]} 6. Bb5+ {[%clk 01:25:02]} {[%emt
00:00:33]} Bd7 {[%clk 01:17:32]} {[%emt 00:13:31]} 7. Bxd7+ {[%clk 01:25:20]}
{[%emt 00:00:12]} Qxd7 {[%clk 01:11:09]} {[%emt 00:06:53]} 8. Qe2 {[%clk
01:25:39]} {[%emt 00:00:09]} Nc6 {[%clk 01:02:30]} {[%emt 00:09:11]} 9. d4
{[%clk 01:20:33]} {[%emt 00:05:35]} cxd4 {[%clk 01:02:38]} {[%emt 00:00:23]} 10.
cxd4 {[%clk 01:20:24]} {[%emt 00:00:38]} d5 {[%clk 01:03:04]} {[%emt 00:00:06]}
11. e5 {[%clk 01:15:38]} {[%emt 00:05:15]} Ne4 {[%clk 01:03:27]} {[%emt
00:00:07]} 12. Nbd2 {[%clk 00:55:57]} {[%emt 00:20:11]} Nxd2 {[%clk 01:03:49]}
{[%emt 00:00:08]} 13. Bxd2 {[%clk 00:56:16]} {[%emt 00:00:09]} O-O {[%clk
01:04:15]} {[%emt 00:00:06]} 14. Rfe1 {[%clk 00:41:08]} {[%emt 00:15:37]} Rfc8
{[%clk 00:59:28]} {[%emt 00:05:18]} 15. Rac1 {[%clk 00:38:42]} {[%emt
00:02:54]} Nd8 {[%clk 00:51:23]} {[%emt 00:08:36]} 16. b3 {[%clk 00:31:41]}
{[%emt 00:07:32]} a6 {[%clk 00:46:41]} {[%emt 00:05:12]} 17. Qd3 {[%clk
00:26:12]} {[%emt 00:05:59]} Rxc1 {[%clk 00:41:44]} {[%emt 00:05:27]} 18. Rxc1
{[%clk 00:25:16]} {[%emt 00:01:25]} Rc8 {[%clk 00:42:08]} {[%emt 00:00:07]} 19.
Rxc8 {[%clk 00:22:18]} {[%emt 00:03:29]} Qxc8 {[%clk 00:42:32]} {[%emt
00:00:06]} 20. h3 {[%clk 00:21:57]} {[%emt 00:00:51]} f6 {[%clk 00:38:49]}
{[%emt 00:04:12]} 21. exf6 {[%clk 00:16:19]} {[%emt 00:06:10]} exf6 {[%clk
00:33:36]} {[%emt 00:05:43]} 22. Qe3 {[%clk 00:12:02]} {[%emt 00:04:47]} Ne6
{[%clk 00:30:00]} {[%emt 00:04:06]} 23. Bb4 {[%clk 00:11:25]} {[%emt 00:01:07]}
Kf7 {[%clk 00:29:27]} {[%emt 00:01:03]} 24. Qc3 {[%clk 00:11:25]} {[%emt
00:00:29]} Qd7 {[%clk 00:22:45]} {[%emt 00:07:13]} 25. Qe3 {[%clk 00:11:35]}
{[%emt 00:00:20]} h5 {[%clk 00:19:21]} {[%emt 00:03:54]} 26. h4 {[%clk
00:07:39]} {[%emt 00:04:27]} Qc6 {[%clk 00:16:47]} {[%emt 00:03:04]} 27. Qc3
{[%clk 00:06:01]} {[%emt 00:02:07]} Qxc3 {[%clk 00:14:07]} {[%emt 00:03:11]} 28.
Bxc3 {[%clk 00:06:27]} {[%emt 00:00:04]} g5 {[%clk 00:14:30]} {[%emt 00:00:07]}
29. g3 {[%clk 00:02:46]} {[%emt 00:04:11]} Kg6 {[%clk 00:14:25]} {[%emt
00:00:34]} 30. Kf1 {[%clk 00:01:28]} {[%emt 00:01:48]} Kf5 {[%clk 00:12:53]}
{[%emt 00:02:02]} 31. Ke2 {[%clk 00:01:36]} {[%emt 00:00:22]} Kg4 {[%clk
00:12:19]} {[%emt 00:01:03]} 32. Nh2+ {[%clk 00:01:26]} {[%emt 00:00:41]} Kh3
{[%clk 00:12:15]} {[%emt 00:00:33]} 33. Nf3 {[%clk 00:01:55]} {[%emt 00:00:01]}
g4 {[%clk 00:10:08]} {[%emt 00:02:37]} 34. Ne1 {[%clk 00:00:47]} {[%emt
00:01:37]} f5 {[%clk 00:10:33]} {[%emt 00:00:06]} 35. Nd3 {[%clk 00:00:32]}
{[%emt 00:00:45]} Kg2 {[%clk 00:06:24]} {[%emt 00:04:38]} 36. Nb4 {[%clk
00:00:31]} {[%emt 00:00:32]} f4 {[%clk 00:04:24]} {[%emt 00:02:30]} 37. Nxd5
{[%clk 00:00:38]} {[%emt 00:00:23]} f3+ {[%clk 00:02:31]} {[%emt 00:02:22]} 38.
Ke1 {[%clk 00:00:35]} {[%emt 00:00:33]} Kg1 {[%clk 00:02:56]} {[%emt 00:00:05]}
39. Nb4 {[%clk 00:00:31]} {[%emt 00:00:35]} Nxd4 {[%clk 00:04:03]} {[%emt
00:08:13]} 40. Bd2 {[%clk 00:00:35]} {[%emt 00:00:25]} Ne2 {[%clk 00:02:15]}
{[%emt 00:02:18]} 41. Nd5 {[%clk 00:07:22]} {[%emt 00:23:43]} Nxg3 {[%clk
00:32:24]} {[%emt 00:00:21]} 42. Ne3 {[%clk 00:02:38]} {[%emt 00:05:14]} Ne4
{[%clk 00:32:19]} {[%emt 00:00:35]} 43. Nf5 {[%clk 00:02:39]} {[%emt 00:00:29]}
g3 {[%clk 00:31:46]} {[%emt 00:01:04]} 0-1

[Event "European Chess Club Cup 2023"]
[Site "Durres, Albania"]
[Date "2023.10.02"]
[Round "2.64"]
[White "Greenfeld, Alon"]
[Black "Vassallo Barroche, Mauricio"]
[Result "1-0"]
[TimeControl "90' + 30' & 30\""]
[WhiteElo "2455"]
[BlackElo "2363"]

1. d4 {[%clk 01:28:00]} {[%emt 00:02:59]} Nf6 {[%clk 01:30:08]} {[%emt
00:00:53]} 2. Nf3 {[%clk 01:27:24]} {[%emt 00:01:06]} e6 {[%clk 01:29:20]}
{[%emt 00:01:19]} 3. c4 {[%clk 01:25:08]} {[%emt 00:02:46]} d5 {[%clk
01:29:19]} {[%emt 00:00:30]} 4. Nc3 {[%clk 01:21:40]} {[%emt 00:03:57]} Be7
{[%clk 01:24:00]} {[%emt 00:05:50]} 5. Bf4 {[%clk 01:19:17]} {[%emt 00:02:53]}
O-O {[%clk 01:20:46]} {[%emt 00:03:45]} 6. e3 {[%clk 01:19:39]} {[%emt
00:00:07]} c5 {[%clk 01:18:50]} {[%emt 00:02:26]} 7. dxc5 {[%clk 01:19:09]}
{[%emt 00:01:00]} Qa5 {[%clk 01:13:57]} {[%emt 00:05:23]} 8. a3 {[%clk
01:15:25]} {[%emt 00:04:13]} dxc4 {[%clk 01:07:54]} {[%emt 00:06:33]} 9. Bxc4
{[%clk 01:14:05]} {[%emt 00:01:50]} Qxc5 {[%clk 01:03:41]} {[%emt 00:04:43]} 10.
Qe2 {[%clk 00:58:31]} {[%emt 00:16:03]} a6 {[%clk 00:56:53]} {[%emt 00:07:19]}
11. Bd3 {[%clk 00:41:25]} {[%emt 00:17:36]} Nc6 {[%clk 00:46:45]} {[%emt
00:10:39]} 12. O-O {[%clk 00:35:29]} {[%emt 00:06:26]} Bd7 {[%clk 00:33:00]}
{[%emt 00:14:14]} 13. Rac1 {[%clk 00:33:57]} {[%emt 00:02:03]} Qa5 {[%clk
00:32:34]} {[%emt 00:00:55]} 14. e4 {[%clk 00:32:49]} {[%emt 00:01:38]} e5
{[%clk 00:26:58]} {[%emt 00:06:06]} 15. Bd2 {[%clk 00:24:51]} {[%emt 00:08:29]}
Bg4 {[%clk 00:23:00]} {[%emt 00:04:28]} 16. Nd5 {[%clk 00:23:39]} {[%emt
00:01:41]} Qd8 {[%clk 00:23:25]} {[%emt 00:00:05]} 17. Qe3 {[%clk 00:19:21]}
{[%emt 00:04:48]} Bd6 {[%clk 00:17:54]} {[%emt 00:06:01]} 18. Bc4 {[%clk
00:16:50]} {[%emt 00:03:01]} Rc8 {[%clk 00:13:44]} {[%emt 00:04:39]} 19. h3
{[%clk 00:16:01]} {[%emt 00:01:19]} Bxf3 {[%clk 00:10:17]} {[%emt 00:03:58]} 20.
Qxf3 {[%clk 00:16:12]} {[%emt 00:00:19]} Nd4 {[%clk 00:10:42]} {[%emt
00:00:05]} 21. Nxf6+ {[%clk 00:16:03]} {[%emt 00:00:40]} Qxf6 {[%clk 00:11:07]}
{[%emt 00:00:04]} 22. Qxf6 {[%clk 00:16:13]} {[%emt 00:00:21]} gxf6 {[%clk
00:11:36]} {[%emt 00:00:01]} 23. Rc3 {[%clk 00:11:06]} {[%emt 00:05:35]} b5
{[%clk 00:09:53]} {[%emt 00:02:13]} 24. Bh6 {[%clk 00:11:09]} {[%emt 00:00:27]}
1-0

[Event "European Chess Club Cup 2023"]
[Site "Durres, Albania"]
[Date "2023.10.02"]
[Round "2.65"]
[White "Sos Andreu, Eric"]
[Black "Postny, Evgeny"]
[Result "0-1"]
[TimeControl "90' + 30' & 30\""]
[WhiteElo "2354"]
[BlackElo "2568"]

1. d4 {[%clk 01:30:57]} {[%emt 00:00:02]} d5 {[%clk 01:30:53]} {[%emt
00:00:07]} 2. c4 {[%clk 01:31:04]} {[%emt 00:00:23]} dxc4 {[%clk 01:30:57]}
{[%emt 00:00:26]} 3. e4 {[%clk 01:30:10]} {[%emt 00:01:25]} e5 {[%clk
01:30:56]} {[%emt 00:00:30]} 4. Nf3 {[%clk 01:30:03]} {[%emt 00:00:37]} Bb4+
{[%clk 01:30:54]} {[%emt 00:00:32]} 5. Bd2 {[%clk 01:26:20]} {[%emt 00:04:13]}
Bxd2+ {[%clk 01:31:08]} {[%emt 00:00:16]} 6. Qxd2 {[%clk 01:26:04]} {[%emt
00:00:46]} exd4 {[%clk 01:30:37]} {[%emt 00:01:01]} 7. Nxd4 {[%clk 01:26:10]}
{[%emt 00:00:24]} Ne7 {[%clk 01:24:36]} {[%emt 00:06:32]} 8. Bxc4 {[%clk
01:23:57]} {[%emt 00:02:43]} a6 {[%clk 01:22:29]} {[%emt 00:02:37]} 9. a4
{[%clk 01:20:16]} {[%emt 00:04:11]} Nbc6 {[%clk 01:18:50]} {[%emt 00:04:09]} 10.
Nxc6 {[%clk 01:17:30]} {[%emt 00:03:16]} Qxd2+ {[%clk 01:17:25]} {[%emt
00:01:54]} 11. Kxd2 {[%clk 01:10:46]} {[%emt 00:07:14]} Nxc6 {[%clk 01:17:06]}
{[%emt 00:00:49]} 12. Nc3 {[%clk 01:11:02]} {[%emt 00:00:14]} Bd7 {[%clk
01:12:39]} {[%emt 00:04:57]} 13. Ke3 {[%clk 01:08:04]} {[%emt 00:03:28]} f5
{[%clk 01:05:50]} {[%emt 00:07:19]} 14. Rhd1 {[%clk 00:58:56]} {[%emt
00:09:38]} O-O-O {[%clk 01:01:38]} {[%emt 00:04:41]} 15. f3 {[%clk 00:59:05]}
{[%emt 00:00:22]} Rde8 {[%clk 00:56:50]} {[%emt 00:05:18]} 16. Kf2 {[%clk
00:58:03]} {[%emt 00:01:32]} Ne5 {[%clk 00:49:58]} {[%emt 00:07:22]} 17. Bd5
{[%clk 00:54:15]} {[%emt 00:04:19]} Rhf8 {[%clk 00:45:56]} {[%emt 00:04:31]} 18.
Kg1 {[%clk 00:51:46]} {[%emt 00:02:59]} f4 {[%clk 00:37:52]} {[%emt 00:08:34]}
19. b4 {[%clk 00:48:28]} {[%emt 00:03:49]} g5 {[%clk 00:36:43]} {[%emt
00:01:39]} 20. b5 {[%clk 00:48:28]} {[%emt 00:00:31]} a5 {[%clk 00:37:05]}
{[%emt 00:00:08]} 21. Rac1 {[%clk 00:47:19]} {[%emt 00:01:39]} g4 {[%clk
00:36:49]} {[%emt 00:00:46]} 22. Bb3 {[%clk 00:35:55]} {[%emt 00:11:54]} gxf3
{[%clk 00:32:19]} {[%emt 00:05:00]} 23. Nd5 {[%clk 00:36:03]} {[%emt 00:00:22]}
c6 {[%clk 00:32:13]} {[%emt 00:00:35]} 24. Nb6+ {[%clk 00:27:49]} {[%emt
00:08:43]} Kc7 {[%clk 00:32:31]} {[%emt 00:00:12]} 25. Nxd7 {[%clk 00:28:00]}
{[%emt 00:00:20]} Nxd7 {[%clk 00:29:15]} {[%emt 00:03:46]} 26. gxf3 {[%clk
00:27:04]} {[%emt 00:01:26]} Ne5 {[%clk 00:29:39]} {[%emt 00:00:06]} 27. Kf2
{[%clk 00:22:52]} {[%emt 00:04:41]} Rf6 {[%clk 00:24:53]} {[%emt 00:05:16]} 28.
Rc3 {[%clk 00:19:14]} {[%emt 00:04:08]} Rh6 {[%clk 00:23:52]} {[%emt 00:01:31]}
29. Kg2 {[%clk 00:19:37]} {[%emt 00:00:08]} Re7 {[%clk 00:20:56]} {[%emt
00:03:27]} 30. Rd2 {[%clk 00:17:41]} {[%emt 00:02:25]} Rg7+ {[%clk 00:19:44]}
{[%emt 00:01:42]} 31. Kh1 {[%clk 00:17:27]} {[%emt 00:00:44]} Rhg6 {[%clk
00:14:08]} {[%emt 00:06:06]} 32. Rd1 {[%clk 00:17:35]} {[%emt 00:00:22]} Rg2
{[%clk 00:09:34]} {[%emt 00:05:04]} 33. Rf1 {[%clk 00:15:06]} {[%emt 00:02:59]}
Rd2 {[%clk 00:08:46]} {[%emt 00:01:19]} 34. Rg1 {[%clk 00:14:16]} {[%emt
00:01:20]} Rxg1+ {[%clk 00:08:34]} {[%emt 00:00:41]} 35. Kxg1 {[%clk 00:12:27]}
{[%emt 00:02:19]} Kb6 {[%clk 00:07:59]} {[%emt 00:01:06]} 36. bxc6 {[%clk
00:12:45]} {[%emt 00:00:13]} bxc6 {[%clk 00:08:25]} {[%emt 00:00:02]} 37. Be6
{[%clk 00:09:40]} {[%emt 00:03:35]} Rd4 {[%clk 00:06:32]} {[%emt 00:02:24]} 38.
Kg2 {[%clk 00:07:23]} {[%emt 00:02:47]} Rxa4 {[%clk 00:06:26]} {[%emt
00:00:36]} 39. Kh3 {[%clk 00:07:47]} {[%emt 00:00:06]} Rd4 {[%clk 00:02:31]}
{[%emt 00:04:25]} 40. Rb3+ {[%clk 00:04:23]} {[%emt 00:03:55]} Rb4 {[%clk
00:02:44]} {[%emt 00:00:16]} 41. Rc3 {[%clk 00:04:20]} {[%emt 00:00:33]} Rb2
{[%clk 00:02:17]} {[%emt 00:00:57]} 42. Kh4 {[%clk 00:30:09]} {[%emt 00:04:42]}
h6 {[%clk 00:29:27]} {[%emt 00:03:19]} 43. h3 {[%clk 00:28:35]} {[%emt
00:02:05]} a4 {[%clk 00:27:00]} {[%emt 00:02:57]} 44. Kh5 {[%clk 00:28:42]}
{[%emt 00:00:23]} Rd2 {[%clk 00:26:55]} {[%emt 00:00:34]} 45. h4 {[%clk
00:27:30]} {[%emt 00:01:42]} Rd6 {[%clk 00:26:43]} {[%emt 00:00:43]} 46. Bc4
{[%clk 00:21:03]} {[%emt 00:06:57]} c5 {[%clk 00:18:59]} {[%emt 00:08:14]} 47.
Be2 {[%clk 00:14:46]} {[%emt 00:06:47]} c4 {[%clk 00:17:47]} {[%emt 00:01:42]}
48. Rc1 {[%clk 00:11:38]} {[%emt 00:03:38]} Kc5 {[%clk 00:17:16]} {[%emt
00:01:00]} 49. Ra1 {[%emt 00:01:44]} Ra6 {[%clk 00:17:05]} 50. Rd1 {[%clk
00:11:21]} {[%emt 00:00:14]} a3 {[%clk 00:16:31]} {[%emt 00:01:04]} 0-1